Top 10 Joueurs de tennis russes ATP depuis 1990 - Statistiques

Statistiques générales
  • Ce quiz a été pris 41 fois
  • Le résultat moyen est 5 sur 11
Statistiques - réponses
Points Jetpunk Joueur % Correct
243 Daniil MEDVEDEV
94%
137 Andrei RUBLEV
86%
166 Marat SAFIN
75%
66 Karen KHACHANOV
72%
220 Yevgeny KAFELNIKOV
64%
148 Nikolay DAVYDENKO
50%
76 Mikhail YOUZHNY
33%
41 Andrei CHESNOKOV
11%
21 Dmitry TURSUNOV
8%
32 Alexander VOLKOV
6%
21 Andrei CHERKASOV
6%
Aucun quiz correspondant
Distribution des résultats
% des personnes avec chaque résultat
Percentile par nombre de réponses
Votre historique - résultats
Vous n’avez pas pris ce quiz